Konstrukce předpovědí extrapolací časových řad

Guardado en:
Detalles Bibliográficos
Autor principal: Schnierl, Zdeněk
Otros Autores: Kolátor, Petr
Formato: Libro
Lenguaje:checo
Publicado: Praha Svépomoc 1987
Edición:1. vyd.
Etiquetas: Agregar Etiqueta
Sin Etiquetas, Sea el primero en etiquetar este registro!

MARC

LEADER 00000nam a2200000 4500
001 c028342
005 20221219102850.2
041 0 |a cze 
044 |a CZ 
245 1 0 |a Konstrukce předpovědí extrapolací časových řad  |c Zdeněk Schnierl, Petr Kolátor 
250 |a 1. vyd. 
264 1 |a Praha  |b Svépomoc  |c 1987 
300 |a 141 s. 
100 1 |a Schnierl, Zdeněk 
700 1 |a Kolátor, Petr